[Event "9th Paul Keres mem"]
[Site "Tallinn URS"]
[Date "1985.03.04"]
[Round "8"]
[White "Karolyi, Tibor"]
[Black "Veingold, Aleksander"]
[Result "1/2-1/2"]
[WhiteElo "2445"]
[BlackElo "2435"]
[EventDate "1985.02.21"]
[PlyCount "29"]

1.d4 Nf6 2.c4 g6 3.Nc3 d5 4.Nf3 Bg7 5.Qb3 dxc4 6.Qxc4 O-O 7.e4 Na6 8.Qb3 
c5 9.d5 e6 10.Bxa6 bxa6 11.O-O exd5 12.exd5 Re8 13.Bf4 Nh5 14.Be3 Bg4 15.
Nd2 1/2-1/2

[Event "9th Paul Keres mem"]
[Site "Tallinn URS"]
[Date "1985.03.04"]
[Round "8"]
[White "Kiik, Kalle"]
[Black "Gavrikov, Viktor"]
[Result "0-1"]
[WhiteElo "2200"]
[BlackElo "2550"]
[EventDate "1985.02.21"]
[PlyCount "75"]

1.e4 c5 2.Nf3 d6 3.d4 cxd4 4.Nxd4 Nf6 5.Nc3 a6 6.f4 Qc7 7.a4 e6 8.Be2 Be7 
9.O-O O-O 10.Kh1 Nc6 11.Be3 Re8 12.Qe1 Nxd4 13.Bxd4 e5 14.fxe5 dxe5 15.Qg3
Bd8 16.Be3 Kh8 17.Rad1 Be6 18.Bg5 Ng8 19.Nd5 Qxc2 20.Bh5 Qxe4 21.Nc3 Qc4 
22.Qxe5 Bxg5 23.Qxg5 Rad8 24.Be2 Qc7 25.Ne4 Rxd1 26.Rxd1 Qc2 27.Bf3 Qxb2 
28.Nd6 Re7 29.h3 Qb4 30.a5 b6 31.Nb7 h6 32.Qd2 bxa5 33.Nxa5 Qh4 34.Nc6 Rd7
35.Qe1 Rxd1 36.Qxd1 Nf6 37.Ne7 Kh7 38.Qd3+ 0-1

[Event "9th Paul Keres mem"]
[Site "Tallinn URS"]
[Date "1985.03.04"]
[Round "8"]
[White "Kuzmin, Gennady"]
[Black "Pribyl, Josef"]
[Result "1-0"]
[WhiteElo "2520"]
[BlackElo "2405"]
[EventDate "1985.02.21"]
[PlyCount "93"]

1.e4 c5 2.Nf3 Nf6 3.Nc3 Nc6 4.d4 d5 5.exd5 Nxd5 6.dxc5 Nxc3 7.Qxd8+ Nxd8 
8.bxc3 g6 9.Be3 Bg7 10.Bb5+ Nc6 11.Nd4 Bd7 12.Rb1 O-O 13.O-O Rfd8 14.Rfd1 
Be8 15.Kf1 Kf8 16.Ke2 Rd5 17.Bxc6 bxc6 18.Rb7 e5 19.Nb3 Rxd1 20.Kxd1 Rd8+ 
21.Ke2 Rd7 22.Rb8 Rc7 23.Na5 Ke7 24.Nc4 Bd7 25.Nd6 Bf6 26.f3 h5 27.a4 Bf5 
28.Kd2 Ke6 29.h3 h4 30.Re8+ Kd7 31.Ra8 Ke6 32.Kc1 Be7 33.Re8 f6 34.Rh8 g5 
35.Re8 Bg6 36.Ra8 f5 37.a5 e4 38.fxe4 fxe4 39.a6 Kd5 40.Nb7 Bf5 41.Rxa7 g4
42.hxg4 Bxg4 43.c4+ Ke5 44.Na5 Rxa7 45.Nxc6+ Ke6 46.Nxa7 Bf3 47.Nc6 1-0

[Event "9th Paul Keres mem"]
[Site "Tallinn URS"]
[Date "1985.03.05"]
[Round "9"]
[White "Gavrikov, Viktor"]
[Black "Dolmatov, Sergei"]
[Result "1/2-1/2"]
[WhiteElo "2550"]
[BlackElo "2540"]
[EventDate "1985.02.21"]
[PlyCount "138"]

1.Nf3 Nf6 2.c4 e6 3.Nc3 d5 4.d4 Be7 5.Bg5 O-O 6.e3 h6 7.Bh4 b6 8.Bd3 Bb7 
9.O-O Nbd7 10.Qe2 c5 11.Rfd1 Ne4 12.Bg3 Nxg3 13.hxg3 dxc4 14.Bxc4 Bxf3 15.
gxf3 cxd4 16.exd4 Bd6 17.f4 Nf6 18.Rac1 Rc8 19.Ba6 Rc7 20.Qf3 Qd7 21.a3 
Rd8 22.Bd3 g6 23.Qe2 Bf8 24.Bb5 Qe7 25.Qc2 h5 26.Qa4 Bg7 27.Bc6 a6 28.Bf3 
Ra7 29.Ne2 Nd5 30.Rc6 Qd7 31.Bxd5 exd5 32.Qc2 Rb7 33.f5 Qxf5 34.Qxf5 gxf5 
35.Nf4 a5 36.Nxh5 a4 37.Rd3 b5 38.Nf6+ Kf8 39.Rf3 Re7 40.Rxf5 Re6 41.Nh7+ 
Kg8 42.Nf6+ Kf8 43.Nd7+ Ke8 44.Ne5 Rxc6 45.Nxc6 Rc8 46.Na7 Rc1+ 47.Kg2 
Bxd4 48.Nxb5 Bxb2 49.Rxd5 Ke7 50.Rf5 Rd1 51.Rf4 Rd5 52.Rb4 Bc1 53.Kf3 f5 
54.Ke2 Kf6 55.Rb1 Bh6 56.Nc3 Rd2+ 57.Ke1 Rd3 58.Rb6+ Kg7 59.Nb1 f4 60.gxf4
Bxf4 61.Ke2 Rd4 62.f3 Kf7 63.Rb4 Rxb4 64.axb4 Bd6 65.b5 a3 66.Nc3 Ke6 67.
Kd3 Be5 68.Kc2 Kd6 69.Ne4+ Kc7 1/2-1/2

[Event "9th Paul Keres mem"]
[Site "Tallinn URS"]
[Date "1985.03.05"]
[Round "9"]
[White "Yrjola, Jouni"]
[Black "Kuzmin, Gennady"]
[Result "1/2-1/2"]
[WhiteElo "2500"]
[BlackElo "2520"]
[EventDate "1985.02.21"]
[PlyCount "34"]

1.d4 Nf6 2.c4 e6 3.Nf3 b6 4.g3 Bb7 5.Bg2 Be7 6.O-O O-O 7.Nc3 Ne4 8.Bd2 d5 
9.cxd5 Nxc3 10.Bxc3 exd5 11.b4 Nd7 12.Qb3 Nf6 13.Ne5 Bd6 14.b5 Qe8 15.a4 
a6 16.Bb2 axb5 17.axb5 Qe6 1/2-1/2

[Event "9th Paul Keres mem"]
[Site "Tallinn URS"]
[Date "1985.03.06"]
[Round "10"]
[White "Dolmatov, Sergei"]
[Black "Kochiev, Alexander"]
[Result "1/2-1/2"]
[WhiteElo "2540"]
[BlackElo "2465"]
[EventDate "1985.02.21"]
[PlyCount "50"]

1.e4 e5 2.Nf3 Nf6 3.Nxe5 d6 4.Nf3 Nxe4 5.d4 d5 6.Bd3 Be7 7.O-O Nc6 8.Re1 
Bf5 9.Nbd2 Nxd2 10.Qxd2 Bxd3 11.Qxd3 O-O 12.Bf4 Qd7 13.Re2 a6 14.Rae1 Rae8
15.c3 Bd8 16.h3 Rxe2 17.Rxe2 Re8 18.Qf5 Re6 19.Rxe6 Qxe6 20.Qxe6 fxe6 21.
Kf1 Kf7 22.Ke2 Ke8 23.Kd3 Kd7 24.Bg5 Bxg5 25.Nxg5 h6 1/2-1/2

[Event "9th Paul Keres mem"]
[Site "Tallinn URS"]
[Date "1985.03.06"]
[Round "10"]
[White "Karner, Hillar"]
[Black "Yrjola, Jouni"]
[Result "1/2-1/2"]
[WhiteElo "2390"]
[BlackElo "2500"]
[EventDate "1985.02.21"]
[PlyCount "104"]

1.c4 e5 2.Nc3 Nf6 3.Nf3 Nc6 4.d3 Bb4 5.Bd2 O-O 6.e3 Re8 7.Be2 a5 8.O-O d5 
9.cxd5 Nxd5 10.a3 Bf8 11.Nxd5 Qxd5 12.h3 f6 13.Rc1 Qf7 14.Ne1 Be6 15.Bh5 
g6 16.Bf3 Bb3 17.Qe2 Bd5 18.Bc3 Rad8 19.Bxd5 Qxd5 20.e4 Qd7 21.Qc2 Bh6 22.
Rd1 Qe6 23.Nf3 Rd6 24.d4 exd4 25.Nxd4 Nxd4 26.Rxd4 Rxd4 27.Bxd4 Qxe4 28.
Qb3+ Re6 29.Bxf6 a4 30.Qa2 Bg7 31.Bxg7 Kxg7 32.Qa1 Qe5 33.Qc1 c6 34.Rd1 
Rd6 35.Re1 Qf6 36.Qe3 Rd7 37.Re2 b5 38.g3 Qd6 39.h4 Qd1+ 40.Kh2 Qd4 41.Qc1
c5 42.h5 Rd5 43.h6+ Kf6 44.Kg2 g5 45.Re8 Re5 46.Rxe5 Qxe5 47.Qc2 Qd5+ 48.
Kg1 Qf5 49.Qe2 c4 50.g4 Qd3 51.Qe8 Qd1+ 52.Kh2 Qxg4 1/2-1/2

[Event "9th Paul Keres mem"]
[Site "Tallinn URS"]
[Date "1985.03.06"]
[Round "10"]
[White "Karolyi, Tibor"]
[Black "Pribyl, Josef"]
[Result "1/2-1/2"]
[WhiteElo "2445"]
[BlackElo "2405"]
[EventDate "1985.02.21"]
[PlyCount "42"]

1.e4 d6 2.d4 Nf6 3.f3 e5 4.Ne2 Be7 5.c4 O-O 6.Nbc3 Nbd7 7.Be3 c6 8.Ng3 Ne8
9.Qd2 g6 10.d5 Ng7 11.Be2 f5 12.exf5 gxf5 13.f4 c5 14.O-O e4 15.Nh1 Nf6 
16.Nf2 Rf7 17.h3 Nge8 18.Kh2 Rg7 19.Rg1 Bf8 20.g3 Qe7 21.Rg2 h5 1/2-1/2

[Event "9th Paul Keres mem"]
[Site "Tallinn URS"]
[Date "1985.03.06"]
[Round "10"]
[White "Kiik, Kalle"]
[Black "Tal, Mikhail"]
[Result "0-1"]
[WhiteElo "2200"]
[BlackElo "2565"]
[EventDate "1985.02.21"]
[PlyCount "76"]

1.e4 c5 2.Nf3 d6 3.d4 cxd4 4.Nxd4 Nf6 5.Nc3 a6 6.f4 e6 7.a4 Nc6 8.Be3 e5 
9.Nf3 exf4 10.Bxf4 Be7 11.Bd3 O-O 12.O-O Be6 13.Nd5 Bxd5 14.exd5 Nb4 15.c4
Qb6+ 16.Kh1 Ng4 17.Nd4 Nxd3 18.Qxd3 Bf6 19.Rad1 Qxb2 20.Bxd6 Rfe8 21.Nc2 
Rad8 22.Bg3 Qa2 23.h3 Ne5 24.Bxe5 Bxe5 25.Rb1 Re7 26.Ne3 Qxa4 27.c5 Qd7 
28.Nf5 Ree8 29.d6 Qc6 30.Qc4 Rd7 31.Rb6 Qc8 32.c6 bxc6 33.Ne7+ Rdxe7 34.
dxe7 Rxe7 35.Rxc6 Qd7 36.Rxf7 Qxc6 37.Rxg7+ Kxg7 38.Qxc6 Rc7 0-1

[Event "9th Paul Keres mem"]
[Site "Tallinn URS"]
[Date "1985.03.08"]
[Round "11"]
[White "Drasko, Milan"]
[Black "Karner, Hillar"]
[Result "0-1"]
[WhiteElo "2460"]
[BlackElo "2390"]
[EventDate "1985.02.21"]
[PlyCount "104"]

1.Nf3 d5 2.d4 Bg4 3.Ne5 Bf5 4.c4 f6 5.Nf3 e6 6.Nc3 Nc6 7.cxd5 exd5 8.Bf4 
g5 9.Bg3 h5 10.h3 h4 11.Bh2 Bd6 12.e3 Nge7 13.Be2 Bxh2 14.Nxh2 Qd6 15.a3 
O-O-O 16.Qa4 Kb8 17.b4 Nc8 18.O-O Nb6 19.Qb3 Rdg8 20.Rfc1 Be6 21.Nb5 Qe7 
22.Rc5 f5 23.Qd1 g4 24.hxg4 fxg4 25.Bxg4 Bxg4 26.Nxg4 Qe6 27.Nh2 Nd7 28.
Rcc1 Rh6 29.Nxc7 Kxc7 30.b5 Rhg6 31.Qf3 Rxg2+ 32.Kh1 Qd6 33.Qxg2 Rxg2 34.
Kxg2 Qg6+ 35.Kf3 Nf6 36.bxc6 bxc6 37.Ra2 h3 38.Rac2 Qg2+ 39.Ke2 Ne4 40.
Rxc6+ Kb7 41.Rc7+ Kb6 42.Rf7 Qxh2 43.Rb1+ Ka6 44.Rbb7 Nd6 45.Rxa7+ Kb6 46.
Rfd7 Qg1 47.Rh7 h2 48.Rad7 Qg4+ 49.f3 Qg2+ 50.Kd3 Qf1+ 51.Kd2 Nc4+ 52.Kc2 
Qe2+ 0-1

[Event "9th Paul Keres mem"]
[Site "Tallinn URS"]
[Date "1985.03.08"]
[Round "11"]
[White "Gavrikov, Viktor"]
[Black "Kuzmin, Gennady"]
[Result "1-0"]
[WhiteElo "2550"]
[BlackElo "2520"]
[EventDate "1985.02.21"]
[PlyCount "82"]

1.e4 e5 2.Nf3 Nc6 3.Bc4 Nf6 4.d3 Be7 5.Nbd2 O-O 6.c3 d6 7.Bb3 h6 8.O-O Re8
9.Re1 Bf8 10.Nf1 g6 11.Ng3 Bg7 12.h3 Be6 13.Ba4 a6 14.d4 Bd7 15.Bc2 b5 16.
Be3 Qe7 17.Qd2 Qf8 18.Rad1 Rad8 19.Qc1 Bc8 20.a4 Bb7 21.axb5 axb5 22.Bd3 
exd4 23.cxd4 Nb4 24.Bxb5 c6 25.e5 cxb5 26.exf6 Bxf6 27.Bxh6 Bg7 28.Bxg7 
Qxg7 29.Qc3 Nd5 30.Qa5 Bc6 31.Rc1 Rxe1+ 32.Nxe1 Ra8 33.Qd2 Ne7 34.Qf4 Rd8 
35.h4 Ba8 36.Qg5 Kf8 37.Nc2 Rc8 38.Ra1 Bd5 39.Ne3 Be6 40.Ne2 b4 41.Ra6 Nf5
1-0

[Event "9th Paul Keres mem"]
[Site "Tallinn URS"]
[Date "1985.03.08"]
[Round "11"]
[White "Rogers, Ian"]
[Black "Kiik, Kalle"]
[Result "1-0"]
[WhiteElo "2485"]
[BlackElo "2200"]
[EventDate "1985.02.21"]
[PlyCount "85"]

1.d4 Nf6 2.Nf3 e6 3.Bg5 d5 4.e3 c5 5.c3 Nc6 6.Nbd2 Be7 7.Bd3 b6 8.O-O Bb7 
9.a3 Nd7 10.Bxe7 Qxe7 11.b4 cxd4 12.cxd4 O-O 13.Qa4 Rfc8 14.Rfc1 a5 15.b5 
Nd8 16.Ne5 Qd6 17.Ndf3 f6 18.Nxd7 Qxd7 19.Rc2 Nf7 20.Rac1 e5 21.Bf1 Rxc2 
22.Rxc2 Rc8 23.h3 Qf5 24.Rxc8+ Qxc8 25.Qb3 Qc1 26.dxe5 fxe5 27.e4 Qc5 28.
exd5 Bxd5 29.Qd1 e4 30.Nd4 Qxa3 31.Nc6 Be6 32.Qd4 Qf8 33.Qxb6 a4 34.Qa7 
Bb3 35.b6 Nd6 36.b7 Nxb7 37.Qxb7 Kh8 38.Nd4 Bg8 39.Qxe4 a3 40.Ne6 Qf6 41.
Bc4 Qb2 42.Qd5 h6 43.g3 1-0

[Event "9th Paul Keres mem"]
[Site "Tallinn URS"]
[Date "1985.03.09"]
[Round "12"]
[White "Dolmatov, Sergei"]
[Black "Rogers, Ian"]
[Result "1-0"]
[WhiteElo "2540"]
[BlackElo "2485"]
[EventDate "1985.02.21"]
[PlyCount "67"]

1.e4 d5 2.exd5 Qxd5 3.Nc3 Qa5 4.d4 Nf6 5.Nf3 Bg4 6.h3 Bh5 7.Bd2 e6 8.Bc4 
c6 9.Qe2 Bb4 10.g4 Bg6 11.O-O-O Nbd7 12.Kb1 O-O-O 13.a3 Bxc3 14.Bxc3 Qc7 
15.Bd2 Ne4 16.Bc1 Nb6 17.Bd3 Nd6 18.Ne5 Bxd3 19.Rxd3 h5 20.Rhd1 hxg4 21.
hxg4 Rh7 22.b3 f6 23.Nf3 Qf7 24.c4 Nd7 25.Qe1 Nf8 26.Kb2 g5 27.a4 Rh8 28.
Be3 a6 29.d5 cxd5 30.cxd5 e5 31.Qa5 Nc4+ 32.bxc4 e4 33.Rb3 exf3 34.Qc5+ 
1-0

[Event "9th Paul Keres mem"]
[Site "Tallinn URS"]
[Date "1985.03.09"]
[Round "12"]
[White "Karner, Hillar"]
[Black "Gavrikov, Viktor"]
[Result "1/2-1/2"]
[WhiteElo "2390"]
[BlackElo "2550"]
[EventDate "1985.02.21"]
[PlyCount "45"]

1.d4 Nf6 2.Nf3 g6 3.g3 Bg7 4.Bg2 O-O 5.O-O d6 6.Re1 Nbd7 7.e4 e5 8.dxe5 
dxe5 9.b3 Re8 10.Bb2 Qe7 11.Na3 Nb6 12.Qd2 c6 13.Qa5 Nfd7 14.Nd2 Bf8 15.
Rad1 Qe6 16.Ndc4 Nxc4 17.Nxc4 b5 18.Ne3 Bc5 19.c4 Bb6 20.Qd2 a6 21.Qd6 Nf8
22.Qxe6 Bxe6 23.Bf1 1/2-1/2

[Event "9th Paul Keres mem"]
[Site "Tallinn URS"]
[Date "1985.03.09"]
[Round "12"]
[White "Karolyi, Tibor"]
[Black "Drasko, Milan"]
[Result "1/2-1/2"]
[WhiteElo "2445"]
[BlackElo "2460"]
[EventDate "1985.02.21"]
[PlyCount "26"]

1.d4 d5 2.Nf3 Nf6 3.e3 g6 4.c4 c6 5.Nc3 Bg7 6.Bd3 O-O 7.O-O Bg4 8.cxd5 
Bxf3 9.Qxf3 cxd5 10.Bd2 Nc6 11.Qe2 e5 12.dxe5 Nxe5 13.Rfd1 Qe7 1/2-1/2

[Event "9th Paul Keres mem"]
[Site "Tallinn URS"]
[Date "1985.03.09"]
[Round "12"]
[White "Kuzmin, Gennady"]
[Black "Kochiev, Alexander"]
[Result "1/2-1/2"]
[WhiteElo "2520"]
[BlackElo "2465"]
[EventDate "1985.02.21"]
[PlyCount "38"]

1.d4 Nf6 2.c4 e6 3.Nf3 b6 4.g3 Bb7 5.Bg2 Be7 6.O-O O-O 7.Nc3 Ne4 8.Qc2 
Nxc3 9.Qxc3 f5 10.b3 Bf6 11.Bb2 Nc6 12.Ne5 Nxd4 13.Qxd4 Bxg2 14.Kxg2 d6 
15.Qe3 Bxe5 16.Bxe5 dxe5 17.Qxe5 Qd6 18.Qxd6 cxd6 19.Rfd1 Rfd8 1/2-1/2

[Event "9th Paul Keres mem"]
[Site "Tallinn URS"]
[Date "1985.03.12"]
[Round "13"]
[White "Drasko, Milan"]
[Black "Veingold, Aleksander"]
[Result "1-0"]
[WhiteElo "2460"]
[BlackElo "2435"]
[EventDate "1985.02.21"]
[PlyCount "95"]

1.Nf3 Nf6 2.c4 b6 3.Nc3 Bb7 4.d4 e6 5.Qc2 c5 6.dxc5 bxc5 7.Bg5 Be7 8.e3 h6
9.Bh4 Qa5 10.Be2 g5 11.Bg3 Ne4 12.Be5 f6 13.O-O fxe5 14.Nxe4 Nc6 15.a3 Qc7
16.Rfd1 Kf7 17.Nh4 gxh4 18.Bh5+ Kf8 19.Nf6 Bxf6 20.Qg6 d5 21.Qxf6+ Kg8 22.
Qxe6+ Kf8 23.Rxd5 Rh7 24.Rad1 Nd4 25.exd4 Bxd5 26.cxd5 exd4 27.d6 Qd8 28.
Qf5+ Kg8 29.Qxc5 Qg5 30.Qc4+ Kf8 31.Bf3 Rd8 32.Qxd4 h3 33.b4 Rhd7 34.Bd5 
Rg7 35.f4 Qg6 36.Be4 Qf7 37.Qc5 hxg2 38.Rd5 Kg8 39.Rf5 Qd7 40.Rf6 Qh3 41.
Qd5+ Kh8 42.Qd4 Kg8 43.Bd5+ Kh7 44.Re6 Qh5 45.Bc6 Qh3 46.Be4+ Kg8 47.Re7 
Qg4 48.Bf5 1-0

[Event "9th Paul Keres mem"]
[Site "Tallinn URS"]
[Date "1985.03.12"]
[Round "13"]
[White "Gavrikov, Viktor"]
[Black "Karolyi, Tibor"]
[Result "1/2-1/2"]
[WhiteElo "2550"]
[BlackElo "2445"]
[EventDate "1985.02.21"]
[PlyCount "47"]

1.e4 c5 2.Nf3 d6 3.d4 cxd4 4.Nxd4 Nf6 5.Nc3 a6 6.f4 Qc7 7.a4 Nc6 8.Be2 e6 
9.Be3 Be7 10.O-O O-O 11.Qe1 Nxd4 12.Bxd4 e5 13.Be3 exf4 14.Bxf4 Be6 15.Qg3
Rfd8 16.Rad1 Ne8 17.Bh6 Kf8 18.Be3 Bf6 19.Qf2 Rdc8 20.Bd3 Kg8 21.Nd5 Bxd5 
22.exd5 Bxb2 23.Bf5 Rcb8 24.Bb6 1/2-1/2

[Event "9th Paul Keres mem"]
[Site "Tallinn URS"]
[Date "1985.03.12"]
[Round "13"]
[White "Kiik, Kalle"]
[Black "Dolmatov, Sergei"]
[Result "1/2-1/2"]
[WhiteElo "2200"]
[BlackElo "2540"]
[EventDate "1985.02.21"]
[PlyCount "82"]

1.e4 e6 2.d3 d5 3.Nd2 c5 4.Ngf3 Nc6 5.g3 Bd6 6.Bg2 Nge7 7.O-O O-O 8.Re1 
Bc7 9.Qe2 a5 10.a4 b6 11.Nf1 h6 12.h4 f5 13.exd5 exd5 14.h5 Rf6 15.Bf4 
Bxf4 16.gxf4 Qc7 17.Ne5 Nd4 18.Qd1 Bb7 19.c3 Ne6 20.Qf3 Rb8 21.Qg3 d4 22.
c4 Bxg2 23.Kxg2 Kh7 24.Nd2 g5 25.fxg5 hxg5 26.Nef3 Qxg3+ 27.fxg3 Rg8 28.
Ne5 g4 29.Nd7 Rh6 30.Re5 Rd8 31.Rae1 Rxd7 32.Rxe6 Nc8 33.Nb1 Nd6 34.Na3 
Nf7 35.Re7 Rxe7 36.Rxe7 Kg8 37.Nb5 Rxh5 38.Nc7 Rh6 39.Nd5 Kf8 40.Rb7 Re6 
41.Nxb6 Nd8 1/2-1/2

[Event "9th Paul Keres mem"]
[Site "Tallinn URS"]
[Date "1985.03.12"]
[Round "13"]
[White "Kochiev, Alexander"]
[Black "Karner, Hillar"]
[Result "1-0"]
[WhiteElo "2465"]
[BlackElo "2390"]
[EventDate "1985.02.21"]
[PlyCount "80"]

1.d4 Nf6 2.Nf3 e6 3.g3 d5 4.Bg2 Nbd7 5.O-O c6 6.Nbd2 Be7 7.c4 b5 8.c5 O-O 
9.Qc2 Ne8 10.e4 g6 11.Re1 Ng7 12.h4 a5 13.Nf1 Ra6 14.Bg5 f6 15.Bf4 g5 16.
hxg5 fxg5 17.Be3 g4 18.N3h2 h5 19.f3 gxf3 20.Nxf3 dxe4 21.Qxe4 Nf6 22.Qg6 
Ng4 23.Rad1 Nxe3 24.Nxe3 Bd7 25.Rf1 Qe8 26.Qe4 Nf5 27.Nxf5 exf5 28.Qf4 Be6
29.Rde1 Bc4 30.Qc7 Bd8 31.Qb7 Qg6 32.Qxa6 Bxf1 33.Rxf1 Qxg3 34.Qxc6 Bf6 
35.Qd5+ Kh8 36.Qd6 Qg7 37.Kh1 Rg8 38.Rg1 h4 39.Qe6 Qh6 40.Ne5 Qg7 1-0

[Event "9th Paul Keres mem"]
[Site "Tallinn URS"]
[Date "1985.03.13"]
[Round "14"]
[White "Karner, Hillar"]
[Black "Tal, Mikhail"]
[Result "0-1"]
[WhiteElo "2390"]
[BlackElo "2565"]
[EventDate "1985.02.21"]
[PlyCount "98"]

1.d4 Nf6 2.Nf3 d6 3.Nc3 Bf5 4.Nh4 Bd7 5.g3 e5 6.dxe5 dxe5 7.Bg2 c6 8.e4 
Na6 9.Qe2 Bc5 10.Nd1 O-O 11.Ne3 Nc7 12.c3 a5 13.Nhf5 Re8 14.h4 Ne6 15.Nc4 
Nf8 16.Be3 Bxe3 17.Ncxe3 g6 18.Nd6 Re6 19.Ndc4 b5 20.Nd2 Re8 21.a4 Ne6 22.
axb5 cxb5 23.O-O Nc5 24.Rad1 Bc6 25.Nd5 Bxd5 26.exd5 Rb8 27.c4 b4 28.Ne4 
Nfxe4 29.Bxe4 Qd6 30.h5 a4 31.hxg6 hxg6 32.Bc2 Kg7 33.Kg2 Rh8 34.Qe3 Rh5 
35.Rh1 Rbh8 36.Rxh5 Rxh5 37.Re1 Rh8 38.f4 exf4 39.gxf4 Rh4 40.Qd4+ Qf6 41.
Qxf6+ Kxf6 42.Kg3 Rh8 43.d6 a3 44.bxa3 bxa3 45.Ra1 Ra8 46.Ra2 Ke6 47.f5+ 
gxf5 48.Kf4 Kxd6 49.Kxf5 Nd7 0-1

[Event "9th Paul Keres mem"]
[Site "Tallinn URS"]
[Date "1985.03.13"]
[Round "14"]
[White "Kuzmin, Gennady"]
[Black "Rogers, Ian"]
[Result "0-1"]
[WhiteElo "2520"]
[BlackElo "2485"]
[EventDate "1985.02.21"]
[PlyCount "82"]

1.e4 e5 2.Nf3 Nc6 3.Bb5 a6 4.Ba4 Nf6 5.O-O Be7 6.d4 exd4 7.Re1 b5 8.e5 
Nxe5 9.Rxe5 d6 10.Rg5 bxa4 11.Rxg7 c5 12.Ng5 Bg4 13.Qe1 Bh5 14.Ne4 Kd7 15.
Ng3 Bg6 16.Qd1 Bf8 17.Rxg6 hxg6 18.c3 Bh6 19.Bxh6 Rxh6 20.cxd4 Ke7 21.dxc5
dxc5 22.Qc1 Rh4 23.Nd2 Kf8 24.Nf3 Rb4 25.Ne5 Rc8 26.h3 Kg8 27.a3 Rd4 28.
Nf3 Rd3 29.Qf4 c4 30.Re1 Rc5 31.Kh2 Nh5 32.Nxh5 Rxh5 33.Ne5 Rf5 34.Qxc4 
Rd4 35.Qc6 Qb8 36.f4 Rfxf4 37.Kh1 Qb5 38.Qa8+ Kg7 39.Nf3 Qd5 40.Qxd5 Rxd5 
41.Kg1 Rc4 0-1

[Event "9th Paul Keres mem"]
[Site "Tallinn URS"]
[Date "1985.03.13"]
[Round "14"]
[White "Pribyl, Josef"]
[Black "Yrjola, Jouni"]
[Result "1/2-1/2"]
[WhiteElo "2405"]
[BlackElo "2500"]
[EventDate "1985.02.21"]
[PlyCount "34"]

1.Nf3 Nf6 2.d4 e6 3.g3 c5 4.Bg2 Qa5+ 5.Nbd2 cxd4 6.Nxd4 Nc6 7.Nxc6 bxc6 8.
O-O d5 9.c4 Ba6 10.a3 Qb6 11.b4 Be7 12.Bb2 O-O 13.Rc1 Rfd8 14.Qc2 Rac8 15.
e3 c5 16.b5 Bb7 17.a4 a5 1/2-1/2

[Event "9th Paul Keres mem"]
[Site "Tallinn URS"]
[Date "1985.03.14"]
[Round "15"]
[White "Drasko, Milan"]
[Black "Pribyl, Josef"]
[Result "1-0"]
[WhiteElo "2460"]
[BlackElo "2405"]
[EventDate "1985.02.21"]
[PlyCount "105"]

1.Nf3 Nf6 2.c4 g6 3.d4 Bg7 4.g3 O-O 5.Bg2 c6 6.O-O d5 7.Nbd2 Bf5 8.b3 Qa5 
9.Nh4 Qc3 10.Ba3 Ne4 11.Nxf5 gxf5 12.Nxe4 fxe4 13.Bxe7 Re8 14.Bg5 dxc4 15.
Rc1 Qa5 16.Bd2 Qxa2 17.Rxc4 Nd7 18.Ra4 Qb2 19.Bc1 Qb1 20.Ra5 h6 21.d5 b6 
22.dxc6 Ne5 23.Ra4 Nxc6 24.Qd5 Ne7 25.Qb5 a6 26.Rxa6 Qc2 27.Be3 Rad8 28.
Bxb6 Rb8 29.Qc4 Qxc4 30.bxc4 Nf5 31.e3 Rbc8 32.c5 Bf8 33.Rc1 Rc6 34.Ra4 
Rec8 35.Bxe4 Rxb6 36.Bxf5 Rxc5 37.Rg4+ Kh8 38.Rxc5 Bxc5 39.Bd3 Rb4 40.Bc4 
f5 41.Rg8+ Kh7 42.Be6 Rb5 43.Rd8 Bb4 44.Bc4 Re5 45.Bd3 Kg7 46.Rd4 Bc5 47.
Rf4 Kg6 48.g4 Kg5 49.Rxf5+ Rxf5 50.Bxf5 h5 51.h3 h4 52.Kg2 Bd6 53.Kf3 1-0

[Event "9th Paul Keres mem"]
[Site "Tallinn URS"]
[Date "1985.03.14"]
[Round "15"]
[White "Kochiev, Alexander"]
[Black "Veingold, Aleksander"]
[Result "1-0"]
[WhiteElo "2465"]
[BlackElo "2435"]
[EventDate "1985.02.21"]
[PlyCount "53"]

1.d4 Nf6 2.Nf3 b6 3.Bg5 Bb7 4.Nbd2 c5 5.Bxf6 gxf6 6.e3 e6 7.Bd3 Nc6 8.O-O 
d5 9.dxc5 Bxc5 10.a3 f5 11.b4 Bd6 12.c4 Ne5 13.Be2 Rg8 14.Rc1 d4 15.exd4 
Rxg2+ 16.Kxg2 Qg5+ 17.Kh1 Qh6 18.d5 Ng4 19.h4 O-O-O 20.c5 Bxd5 21.cxd6+ 
Kb8 22.Qc2 Rg8 23.Qc7+ Ka8 24.Qc8+ Rxc8 25.Rxc8+ Kb7 26.Rc7+ Kb8 27.Ba6 
1-0

[Event "9th Paul Keres mem"]
[Site "Tallinn URS"]
[Date "1985.03.14"]
[Round "15"]
[White "Rogers, Ian"]
[Black "Karner, Hillar"]
[Result "1-0"]
[WhiteElo "2485"]
[BlackElo "2390"]
[EventDate "1985.02.21"]
[PlyCount "82"]

1.d4 g6 2.c4 Bg7 3.Nc3 d6 4.e4 e5 5.dxe5 dxe5 6.Qxd8+ Kxd8 7.f4 Nd7 8.Nf3 
c6 9.Be2 f6 10.O-O Ke8 11.g3 Nh6 12.Kg2 Nf7 13.Be3 Bf8 14.Na4 b6 15.a3 Bb7
16.Nd2 Rg8 17.h4 exf4 18.gxf4 f5 19.Bf3 Be7 20.exf5 gxf5+ 21.Kh3 Nf6 22.
Rae1 Rd8 23.Nb3 Ne4 24.Nd4 Rxd4 25.Bxd4 c5 26.Bf2 Nfd6 27.Nc3 Bf6 28.Nxe4 
fxe4 29.Bh5+ Kf8 30.b3 Bd4 31.f5 e3 32.Bg3 Ne4 33.Bf4 Nf6 34.Bf3 Bc8 35.
Bh6+ Kf7 36.Bc6 Rd8 37.Bxe3 Bc3 38.Re2 Rd6 39.Ba8 Rd3 40.Kg2 Bd4 41.Rf3 
Rd2 1-0

[Event "9th Paul Keres mem"]
[Site "Tallinn URS"]
[Date "1985.03.14"]
[Round "15"]
[White "Tal, Mikhail"]
[Black "Karolyi, Tibor"]
[Result "1/2-1/2"]
[WhiteElo "2565"]
[BlackElo "2445"]
[EventDate "1985.02.21"]
[PlyCount "53"]

1.Nf3 Nf6 2.c4 e6 3.Nc3 d5 4.d4 c5 5.cxd5 Nxd5 6.e3 Nc6 7.Bd3 Be7 8.O-O 
O-O 9.Nxd5 Qxd5 10.e4 Qh5 11.dxc5 Bxc5 12.Bf4 Rd8 13.a3 Bd7 14.Qe2 Be8 15.
Rad1 Ne7 16.Rfe1 Ba4 17.Rc1 Rac8 18.b4 Bb6 19.Bg5 Kf8 20.e5 Bc6 21.Be4 
Bxe4 22.Qxe4 Rxc1 23.Rxc1 Rd7 24.b5 Qg6 25.Qb4 f6 26.Be3 Bxe3 27.fxe3 
1/2-1/2